Panamá: concertación, canal y bien común /
Recientemente se llevaron a cabo en Panamá las primeras elecciones libres en 26 años. En la campaña electoral salieron a relucir temas fundamentales como la transición plena a la democracia política, la devolución a Panamá de las instalaciones civiles y militares del área del Canal, la urgente defin...
محفوظ في:
| المؤلف الرئيسي: | |
|---|---|
| التنسيق: | نص |
| الموضوعات: | |
| الوسوم: |
إضافة وسم
لا توجد وسوم, كن أول من يضع وسما على هذه التسجيلة!
|
MARC
| LEADER | 00000 a a2200000 04500 | ||
|---|---|---|---|
| 001 | 7541 | ||
| 003 | |||
| 040 | |||
| 100 | |a Leis R, Raúl Alberto | ||
| 245 | |a Panamá: |b concertación, canal y bien común / |c Raúl Alberto Leis R | ||
| 520 | |a Recientemente se llevaron a cabo en Panamá las primeras elecciones libres en 26 años. En la campaña electoral salieron a relucir temas fundamentales como la transición plena a la democracia política, la devolución a Panamá de las instalaciones civiles y militares del área del Canal, la urgente definición de una estrategia nacional de desarrollo sustentable, que impulse el crecimiento económico y la equidad y busque reducir de forma importante los niveles de pobreza que abarca el 55 por ciento de la población. Ernesto Pérez Balladares, candidato del Partido Revolucionario Democrático (PRD) fue el que a criterio del electorado presentó la imagen más idónea y de mayor capacidad de concentración nacional. El reto del nuevo gobierno será sin duda mantener su capacidad de concertación y de resolución de los problemas nacionales. Muchos coinciden en que Panamá necesita un pacto de gobernabilidad y un pacto social que obedezcan a un fin determinado como lo es la devolución de 34 mil hectáreas, más de 15 mil edificaciones y un total de bienes estimados en 30 mil millones de balboas. El tema canalero se encuentra en uno de sus puntos más álgidos |a cada día se erosiona más la calidad de vida de las grandes mayorías, lo cual se combina con una crisis nacional de identidad que deteriora la capacidad de respuesta y propuesta de la nación frente a la necesidad de tener más democracia, mejor ambiente y desarrollo para beneficio de todos. Es necesario encontrar el punto justo donde el crecimiento económico no sea contrario a la equidad social, sino por el contrario, complementario, encontrando de esta forma una definición propia de desarrollo y en ese marco ubicar la propuesta nacional en torno a la reversión del Canal. OB/ALJ | ||
| 650 | |a PARTIDOS POLITICOS | ||
| 650 | |a ELECCIONES | ||
| 650 | |a RECESION ECONOMICA | ||
| 650 | |a CONDICIONES DE VIDA | ||
| 650 | |a PARTICIPACION SOCIAL | ||
| 650 | |a MOVIMIENTOS SOCIALES | ||
| 650 | |a AUTODETERMINACION | ||
| 650 | |a INTERVENCION EXTRANJERA | ||
| 650 | |a IMPERIALISMO | ||
| 650 | |a POBREZA | ||
| 650 | |a GRUPOS DE INTERESES | ||
| 773 | |g volumen 9, número 41; páginas 3-4 | ||
| 999 | |c 33424 |d 33424 | ||
